00933nam a22002657a 4500003000500000005001700005008004100022010001000063011001000073035001000083040000900093090001000102100002700112245007200139500009700211590004100308590004100349590004200390650003100432901000700463942001000470949004000480999001700520952013000537CHAP20220329134842.0971013s r 00010 d a26938 a27910 a32011 cCHAP aR-62000aLa Rue, Carl D.964247 aCell outgrowths from wounden surfaces of plants in damp atmospheres aSobretiro de : Papers of the Michigan Academy of Science, Arts and Letters. 22:123-139, 1937 aBATCH-UPDb10c20130110lUCH01h0202 aBATCH-UPDb10c20130110lUCH01h2255 aCONVERSIONb10c20130109lUCH01h131514aHeridas en plantas.953735 aBK cREIMP aR-620bBCcRd-74118eTS1i32011si c26938d26938 00104054718RaBCbBCcPA_Rd2012-12-17fREIMPl0oR-620p-74118r2019-12-31 00:00:00w2019-12-31yREIMPzRecien adquirido